000 01464cam a2200385 a 4500
005 20260322212044.0
008 data
010 _a 2006100317
020 _a9781426300769 (trade bdg. : alk. paper)
020 _a142630076X (trade bdg. : alk. paper)
020 _a9781426300776 (lib. bdg. : alk. paper)
020 _a1426300778 (lib. bdg. : alk. paper)
040 _aDLC
_cDLC
_dDLC
_dBAKER
_dBTCTA
_dMLY
_dEHH
_dDLC
042 _alcac
050 0 0 _aBM693.H5
_bH45 2007
082 0 0 _a296.4/31
_222
092 _a296.4 H45 2007
100 1 _aHeiligman, Deborah.
245 1 0 _aCelebrate Rosh Hashanah & Yom Kippur /
_cDeborah Heiligman.
246 3 _aCelebrate Rosh Hashanah and Yom Kippur
260 _aWashington, D.C. :
_bNational Geographic,
_cc2007.
300 _a31 p. :
_bcol. ill., col. map ;
_c26 cm.
490 1 _aHolidays around the world
504 _aIncludes bibliographical references and index.
520 _aDescribes how the Jewish holidays of Rosh Hashanah and Yom Kippur are celebrated around the world.
650 0 _aRosh ha-Shanah
_vJuvenile literature.
650 0 _aYom Kippur
_vJuvenile literature.
650 0 _aHigh Holidays
_vJuvenile literature.
650 1 _aRosh ha-Shanah.
650 1 _aYom Kippur.
650 1 _aHolidays.
830 0 _aHolidays around the world (National Geographic Society (U.S.))
856 4 2 _3Publisher description
_uhttp://www.loc.gov/catdir/enhancements/fy0744/2006100317-d.html
001 data
999 _c1033
_d1033